| 000 | 00819 a2200241 4500 | ||
|---|---|---|---|
| 005 | 20251110150514.0 | ||
| 008 | 251110b |||||||| |||| 00| 0 eng d | ||
| 020 | _a9781509559237 (pbk) | ||
| 037 | _cTB | ||
| 040 |
_aAL _cAL |
||
| 041 |
_2eng _aeng |
||
| 084 |
_aR3xN40 R4 _qAL |
||
| 100 |
_aRanciere, Jacques _9821618 |
||
| 245 |
_aRethinking emancipation: _bconversations with aliocha wald lasowski |
||
| 260 |
_aCambridge, UK: _bPolity Press, _c2024. |
||
| 300 | _axxxii, 120p. | ||
| 365 |
_b12.95 _cUSD |
||
| 650 |
_aPhilosophy _9850531 |
||
| 650 |
_aAesthetics _9850532 |
||
| 700 |
_aBrown, Andrew _etranslator. _9850533 |
||
| 942 |
_cTB _2CC _n0 _hR3xN40 R4 |
||
| 999 |
_c1435600 _d1435600 |
||